[Event "TAN-ch op"]
[Site "Dar es Salaam"]
[Date "2015.11.30"]
[Round "8"]
[White "Didwania, Vishal"]
[Black "Mwaisumbe, Emmanuel"]
[Result "1-0"]
[WhiteElo "2008"]
[BlackElo "1635"]
[PlyCount "53"]
[EventDate "2015.11.27"]
[EventType "swiss"]
[EventRounds "8"]
[EventCountry "TAN"]
[SourceTitle "CBM 170 Extra"]
[Source "ChessBase"]
[SourceDate "2016.02.25"]
[SourceVersion "1"]
[SourceVersionDate "2016.02.25"]
[SourceQuality "1"]

1. b3 Nf6 2. Bb2 Nc6 3. e3 e6 4. Nf3 b6 5. d4 Bb7 6. a3 Be7 7. Bd3 d6 8. 0-0 h6 9. Nbd2 Qd7 10. e4 Qd8 11. c4 0-0 12. d5 Nb8 13. Rc1 c5 14. Bb1 Nbd7 15. Qc2 e5 16. Ne1 Rb8 17. Nd3 Rc8 18. Rce1 Nh5 19. f4 exf4 20. e5 dxe5 21. Nxe5 Ndf6 22. Ng4 g6 23. Nxh6+ Kh7 24. Nxf7 Rxf7 25. Qxg6+ Kh8 26. Qxf7 Qe8 27. Qh7# 1-0